Loading...
Fine Arts - Visual Fine Arts | 0 | 4 | 0 | 0 | 40 | 55 | 86.75 | 1 | 2 |
Philosophy | 0 | 4 | 2 | 0 | 30 | 43 | 72.50 | 0 | 3 |
Fine Arts - Classical Music | 0 | 2 | 0 | 0 | 20 | 100 | 112.50 | 0 | 0 |
Literature - World/Other Literature | 0 | 2 | 0 | 0 | 20 | 88 | 96.00 | 0 | 0 |
Science - Other Science | 0 | 2 | 0 | 1 | 20 | 58 | 89.50 | 0 | 0 |
Literature - European Literature | 0 | 1 | 0 | 0 | 10 | 125 | 125.00 | 0 | 1 |
History - European History | 0 | 1 | 0 | 1 | 10 | 114 | 114.00 | 0 | 0 |
Literature - British Literature | 0 | 1 | 0 | 0 | 10 | 131 | 131.00 | 0 | 0 |
Science - Biology | 0 | 1 | 0 | 0 | 10 | 104 | 104.00 | 0 | 1 |
Other Academic | 0 | 1 | 0 | 0 | 10 | 56 | 56.00 | 0 | 0 |
Social Science | 0 | 2 | 3 | 1 | 5 | 93 | 99.00 | 0 | 2 |
Mythology | 0 | 1 | 2 | 0 | 0 | 63 | 63.00 | 0 | 0 |
Religion | 0 | 0 | 1 | 0 | -5 | 0.00 | 0 | 0 | |
Fine Arts - Other Fine Arts | 0 | 0 | 1 | 0 | -5 | 0.00 | 0 | 0 |